Vnútropodnikové predpisy - nástroj riadenia podniku

Na to, aby zamestnanci jednoznačne plnili zámer zamestnávateľa, musí existovať stanovený pevný rámec pravidiel a vzťahov. Vnútropodnikové dokumenty. Tvorba interných predpisov. Pracovný poriadok, organizačný poriadok.

Gespeichert in:
Bibliographische Detailangaben
1. Verfasser: Šukalová, Viera
Format: Buchkapitel
Sprache:Slowakisch
Schlagworte:
Tags: Tag hinzufügen
Keine Tags, Fügen Sie das erste Tag hinzu!

MARC

LEADER 00000naa a2200000 4500
001 0209951
005 20231120135230.3
041 0 |a slo 
044 |a SK 
245 1 0 |a Vnútropodnikové predpisy - nástroj riadenia podniku  |c Viera Šukalová 
520 |a Na to, aby zamestnanci jednoznačne plnili zámer zamestnávateľa, musí existovať stanovený pevný rámec pravidiel a vzťahov. Vnútropodnikové dokumenty. Tvorba interných predpisov. Pracovný poriadok, organizačný poriadok. 
610 2 0 |a podnik 
610 2 0 |a riadenie podnikové 
610 2 0 |a predpisy 
610 2 0 |a poriadok pracovný 
610 2 0 |a poriadok organizačný 
100 1 |a Šukalová, Viera